| 000 | 00577nam a22001817a 4500 | ||
|---|---|---|---|
| 005 | 20231013162145.0 | ||
| 010 | _aENG-137758 | ||
| 020 | _a9789357942911 | ||
| 035 | _aEN-121289 | ||
| 037 | _bDBAD | ||
| 082 | _a881 | ||
| 100 |
_a jain, Shalini Chhabra _957820 |
||
| 245 |
_aDear Silver Lining;A collection of odd yet Awed odes/ _cShalini Chhabra Jain |
||
| 260 |
_aNew Delhi _bV&S Publishers _c2020 |
||
| 270 |
_aF-2/16, Ansari Road , Daryaganj, New Delhi -110002 _bNew Delh _e110002 |
||
| 300 |
_a91p. _c23 cm(Pbk) |
||
| 942 |
_2ddc _cEN _h881 _mJAI _e2020 |
||
| 999 |
_c196952 _d196952 |
||